Leaders during WW1 - Statistics

General Stats
  • This quiz has been taken 64 times
  • The average score is 6 of 16
Answer Stats
Picture Answer % Correct
Wilhelm II
96%
Nicholas II
89%
Franz Joseph I
76%
Paul von Hindenburg
63%
Philippe Pétain
33%
Erich Ludendorff
31%
Ferdinand Foch
30%
Albert I
28%
Enver Pasha
28%
Douglas Haig
20%
August von Mackensen
15%
Erich von Falkenhayn
15%
Luigi Cadorna
15%
Aleksei Brusilov
13%
Franz Conrad von Hötzendorf
13%
Armando Diaz
7%
No matching quizzes found
Score Distribution
Percent of People with Each Score
Percentile by Number Answered
Your Score History
You have not taken this quiz